[Event "RSA-ch (Women)"]
[Site "Cape Town"]
[Date "2024.03.31"]
[Round "8"]
[White "Nel, Hayley"]
[Black "Van Zyl, Bea"]
[Result "1-0"]
[WhiteElo "1678"]
[BlackElo "1507"]
[PlyCount "95"]
[EventDate "2024.03.25"]
[EventType "tourn"]
[EventRounds "11"]
[EventCountry "RSA"]
[SourceTitle "CB14_2024"]
[SourceDate "2024.04.01"]
[SourceVersion "1"]
[SourceVersionDate "2024.04.01"]
[SourceQuality "1"]

1. e4 e5 2. Nf3 Nc6 3. d4 exd4 4. Nxd4 Nf6 5. Nxc6 bxc6 6. e5 Qe7 7. Qe2 Nd5 8. c4 Ba6 9. b3 Qe6 10. Bb2 Bb4+ 11. Nd2 0-0 12. a3 Be7 13. Qe4 Nb6 14. Bd3 f5 15. exf6 Bxf6 16. Qxe6+ dxe6 17. Bxf6 gxf6 18. 0-0-0 Nd7 19. Be4 Bb7 20. Rhe1 Ne5 21. Nf3 Ng4 22. Re2 f5 23. Bc2 c5 24. h3 Nf6 25. Rxe6 f4 26. Re5 Bxf3 27. gxf3 Rf7 28. Rxc5 Re8 29. Rf5 Re2 30. Rd2 Re1+ 31. Kb2 Rh1 32. Rxf4 Rxh3 33. Bf5 Nh5 34. Rd8+ Kg7 35. Rg4+ Kh6 36. Be4 Nf6 37. Rf4 Kg7 38. Rc8 Rh2 39. Bd5 Rxf2+ 40. Kc1 Re7 41. Be4 Rd7 42. Bc2 Rf1+ 43. Kb2 Rf2 44. Kc3 a5 45. Ra8 Rdd2 46. Bd3 Rd1 47. Rxa5 Rfd2 48. Bc2 1-0